[Event "Linares 26th"]
[Site "Linares"]
[Date "2009.02.22"]
[Round "4"]
[White "Aronian, Levon"]
[Black "Dominguez Perez, Leinier"]
[Result "1-0"]
[WhiteElo "2750"]
[BlackElo "2717"]
[Annotator "Krasenkow,M"]
[PlyCount "183"]
[EventDate "2009.02.19"]
[EventType "tourn"]
[EventRounds "14"]
[EventCountry "ESP"]
[EventCategory "21"]
[SourceTitle "CBM 129"]
[Source "ChessBase"]
[SourceDate "2009.03.25"]
[SourceVersion "1"]
[SourceVersionDate "2009.03.25"]
[SourceQuality "1"]

1. d4 d5 2. Nf3 Nf6 3. c4 dxc4 4. e3 e6 5. Bxc4 a6 6. O-O c5 7. dxc5 Bxc5 8.
Qxd8+ Kxd8 9. Nbd2 Ke7 10. b3 Nbd7 (10... b6 {is probably the most accurate
order of moves as was shown in the following game:} 11. Be2 Bb7 12. Ne5 Rd8 13.
Nd3 Bd6 14. Nc4 Bc7 15. Ba3+ Ke8 {Looks a bit ugly but the most important
thing is that Black keeps his dark-squared bishop.} 16. Rfd1 (16. Rac1 $5)
16... b5 17. Nce5 Nbd7 18. Nxd7 Nxd7 19. Bb2 f6 20. Rac1 (20. Nf4 $5 Bxf4 21.
exf4 {is not too strong as the black knight gets the important d5 square})
20... Rac8 21. Bh5+ $6 g6 22. Bg4 Ke7 23. h4 Bd6 24. h5 g5 25. Be2 f5 $15 {
0-1 Flores,D (2566)-Socko,B (2646)/Warsaw 2007/CBM 121 Extra (53)}) 11. Be2 b6
12. Ne1 $1 {[%cal Ye1d3] The same plan as in Jakovenko-Akobian (see CBM 128)
but Black has an extra tempo now. Pay attention to the fact that White doesn't
play Bc1-b2 as this bishop can come out to a3 in some variations.} a5 (12...
Ne5 $6 {doesn't help Black to save his c5 bishop from exchange:} 13. Bb2 Rd8
14. Rd1 Bd6 15. f4 (15. Nef3 Nc6 16. Nc4 Bc5 17. Rxd8 Nxd8 18. Nfe5 Bb7 19. Nd3
Nc6 20. Rc1 Nd7 21. Nxc5 bxc5 22. Rd1 Rb8 23. Bxg7 Rg8 24. Bb2 Nb4 25. f3 Nxa2
26. e4 $16 {1-0 Topalov,V (2690)-Ponomariov,R (2616)/Las Vegas 1999/CBM 072 
(68)}) 15... Neg4 16. Nc4 Bc5 17. Rxd8 Kxd8 18. Bxf6+ Nxf6 19. Nd3 Nd7 20. Nxc5
bxc5 21. Rd1 a5 22. Bf3 Ra6 23. Nd6 f6 24. Be2 $16 {1/2 Schlecht,D (2370)
-Koehn,P (2288)/Germany 2004/CBM 098 ext (64)}) 13. Bb2 (13. Nd3 {is premature
due to} Ba6) 13... Rd8 14. a4 $146 (14. Nc4 Ba6 (14... b5 $5 {is crucial}) 15.
Rc1 Rac8 16. Nd3 Bxc4 17. Rxc4 Bd6 18. Rfc1 Rxc4 19. Rxc4 Nc5 20. Ne1 Nce4 21.
Nf3 Rd7 22. Nd4 Rc7 23. f3 Rxc4 24. Bxc4 Nc5 25. g3 Ne8 26. Kf2 Nc7 27. e4 $14
{1-0 Sasikiran,K (2601)-Ganguly,S (2456)/Sri Lanka 2001/EXT 2005 (55)}) 14...
Ba6 (14... Bb4 $5 15. Nc4 Nc5 16. Nxb6 $140 $2 Ba6 $3 {is another attempt to
equalise needing practical tests.}) 15. Bxa6 Rxa6 {No bishop pair anymore!} 16.
Nd3 Ne5 $5 {Creating weaknesses in Black's own camp but otherwise White keeps
up the pressure, e.g.} (16... Bd6 17. Nc4 Nc5 18. Nxd6 Nxd3 19. Ba3 $1 Nb4 20.
Nc4 $14) 17. Nxc5 bxc5 18. Bc3 (18. Rad1 $1 Rad6 19. Bxe5 Rxd2 20. Rxd2 Rxd2
21. Rc1 Ng4 22. Bc3 $14) 18... Rd3 $6 {Missing a chance to regroup his pieces:}
(18... Rad6 $5 {M.Notkin} 19. Nc4 (19. Ra2 Nc6 $132 {[%cal Yd6d3]}) 19... Nxc4
20. bxc4 Ne4 21. Bxa5 Ra8 {White has an extra pawn but can't consolidate his
position:} 22. Be1 (22. Bc7 Rc6 23. Bf4 Nd2) 22... Rd3 $1 23. a5 Nd6 24. Ra4 (
24. Rc1 Ra3 {[%cal Ra3a4]}) 24... Nc8 {[%cal Rc8b6]} 25. Ra2 Nd6 26. Rc2 f6 $44
{[%csl Re1,Rf1] The position remains closed and the white bishop is very
passive.}) 19. Rac1 Ned7 20. e4 c4 $6 {An unsuccessful attempt to break out of
a poor position, which gives White a strong passed pawn.} (20... Nb8 21. Rfe1
Nc6 22. Nc4 $16 {M.Notkin}) 21. b4 $1 axb4 22. Bxb4+ Kd8 23. a5 {[%csl Ga5,Rc4]
} Ne5 24. Nxc4 Nc6 25. Bc3 (25. Bf8 $5 {(I.Ganiev), depriving the black king
of the e7 square:} Nxe4 26. Rfd1 Rxd1+ 27. Rxd1+ Ke8 28. Bxg7 $18) 25... Nxe4
26. Bxg7 Ke7 (26... Nxa5 27. Rfd1 Rd5 28. Ra1 Rxd1+ 29. Rxd1+ Ke7 30. Ra1 $18)
27. Rfd1 Rxd1+ 28. Rxd1 $18 {White has won a pawn; besides, in such positions 
(B vs N) an outside passed pawn is often a crucial factor.} f6 29. Bh6 e5 30.
Kf1 Nd4 31. Rb1 Rc6 32. Rb4 Nf5 33. Nb6 $1 Nc5 (33... Nxh6 34. Rxe4 Nf5 35. Ra4
$18) 34. Bd2 Na6 35. Rb3 Ke6 36. g4 Nd4 37. Rh3 $6 {White switches his
attention to the kingside but has to give up his a-pawn.} (37. Rc3 $142 {
In the minor piece endgame it is easier for White to overcome technical
difficulties, and if} Rd6 {then} 38. Be3 Nb5 39. Rc8 {with no counterplay for
Black.}) 37... Rc2 38. Be3 Ra2 39. Rh6 (39. Rxh7 $142 Rxa5 40. Rh6 $16) 39...
Nc5 40. Nc4 Ra4 41. Nd2 Rxa5 42. Rxh7 $16 {Still, the passed h-pawn is the
determining factor in the position.} Ra4 $6 {A loss of time.} (42... Ra1+ $142
43. Kg2 Nd3 $132 {[%cal Yd4e2] I.Ganiev} 44. Ne4 (44. Rh6 Ne2 45. Ne4 Rg1+ 46.
Kf3 Nd4+ 47. Bxd4 exd4 48. Rxf6+ Kd5 $132) 44... f5 45. Rh6+ Kd5 46. Nf6+ Kc4 {
and White's victory is in doubt.}) 43. h4 Nd3 44. Rh6 Ra1+ 45. Kg2 Ne1+ 46. Kh3
{[%csl Gh3]} Ke7 47. Ne4 Nef3 48. Ng3 {White has consolidated his position
repelling Black's counterplay. Now, combining the attack of Black's f6 pawn
with the threat to advance his own passed pawn, he gradually brings home his
material advantage.} Ne6 49. Rh7+ Kf8 50. Rh6 Ke7 51. Nf5+ Kf7 52. Rh7+ Kf8 53.
Rb7 Ra3 54. Rb6 Kf7 55. Nh6+ Ke7 56. Rb7+ Kd8 57. Nf7+ Ke8 58. Nd6+ Kf8 59.
Rf7+ Kg8 60. Rxf6 Nf4+ 61. Kg3 Nd2 62. g5 Nf1+ 63. Kg4 Nxe3+ 64. fxe3 Rxe3 65.
Nf7 Re1 66. Nxe5 Nd5 67. Rg6+ Kh7 68. Rh6+ Kg7 69. Nf3 Re4+ 70. Kg3 Ne3 71. Rf6
Rg4+ 72. Kh3 Re4 73. Rc6 Nf5 74. h5 Rf4 75. Kg2 Rg4+ 76. Kf2 Kg8 77. Rc8+ Kg7
78. Rc6 Kg8 79. Rb6 Kh7 80. Ra6 Kg8 81. h6 Re4 82. Rf6 Ne3 83. Kg3 Nd5 84. Rf5
Ne7 85. Re5 Rxe5 86. Nxe5 Kh7 87. Kg4 Nd5 88. Nd3 Ne7 89. Nf4 Ng8 90. Kh5 Kh8
91. Nd5 Kh7 92. Nf6+ 1-0

[Event "France"]
[Site "France"]
[Date "1999.04.03"]
[Round "5"]
[White "Lautier, Joel"]
[Black "Flear, Glenn C"]
[Result "1-0"]
[WhiteElo "2596"]
[BlackElo "2484"]
[Annotator "Lautier,J"]
[PlyCount "85"]
[EventDate "1999.05.01"]
[EventType "team"]
[EventRounds "11"]
[EventCountry "FRA"]
[SourceTitle "CBM 073"]
[Source "ChessBase"]
[SourceDate "1999.12.01"]
[SourceVersion "1"]
[SourceVersionDate "1999.12.01"]
[SourceQuality "1"]

1. d4 d5 2. c4 dxc4 3. e3 Nf6 4. Bxc4 e6 5. Nf3 c5 6. O-O a6 7. Bb3 Be7 8. Nc3
Nc6 9. dxc5 Qxd1 10. Rxd1 Bxc5 11. Bd2 Bd7 12. Be1 Ke7 13. Rac1 Ba7 14. Na4
Rhb8 $5 $146 (14... b6 $2 {see Karpov-Gulko}) 15. Nc5 Be8 16. h3 h6 17. Rc2 Nd7
$1 (17... a5 $6 {/\ b6} 18. Rdc1 $1 (18. a3 b6 19. Nd3 Rd8 $132) 18... Nd7 (
18... b6 $2 19. Na6 Rc8 20. Nd4 $18) 19. Nxb7 Rxb7 20. Rxc6 $16) (17... Bxc5 $6
18. Rxc5 Rd8 19. Rdc1 $16) 18. Nxa6 bxa6 19. Rxc6 Nc5 20. Nd4 (20. Rcd6 Nxb3
21. axb3 Bc5 22. R6d3 Bb5 $14) (20. Rc7+ $142 Kf8 21. Rd6 Nxb3 22. axb3 Bb6 23.
Rc2 Bd8 24. Rd3 Bb5 $14) 20... Rb7 (20... Kf8 $6 21. Rd6 e5 (21... Ke7 22. Nc6+
Bxc6 23. Rxc6 $16) 22. Nf5 Nxb3 23. axb3 Rxb3 24. Rxa6 $16) 21. Bc4 Bxc6 (21...
Rxb2 22. Rc7+ Kf8 23. Bc3 (23. Nb3 Ne4 $1 $13 (23... Nxb3 $2 24. Bxb3 $16 {
>< Rb2}) 24. Bxa6) 23... Rbb8 24. Nc6 Bxc6 25. Rxc6 Rc8 26. Rxc8+ Rxc8 27. Bb4
Ke8 28. Bxc5 Rxc5 29. Bxa6 Ra5 30. Bc4 $14) (21... Bb6 $1 22. b4 (22. Rxb6 Rxb6
23. b4 Nb7 $15) 22... Na4 23. Bb3 (23. b5 axb5 24. Bb4+ Kf6 25. Bd5 Rd8 $36) (
23. Rxb6 Nxb6 24. Be2 Rc7 $15) 23... Bxd4 24. Bxa4 Bf6 $11 {/\ Rba7}) 22. Nxc6+
Ke8 23. b4 Rd7 $2 (23... Ne4 $2 24. Bxa6 Rb6 25. Bd3 Nd6 26. Na5 $16) (23...
Na4 $2 24. Bxa6 Rb6 25. Be2 $1 $16) (23... Nd7 $1 24. Bxa6 Rb6 25. Nxa7 Rxa6 (
25... Rxa7 26. Bc4 $36) 26. Nb5 Kd8 27. Nc3 Ra3 $11) 24. Rxd7 Kxd7 (24... Nxd7
25. Bxa6 Bb6 (25... Bxe3 26. Bb7 Bxf2+ 27. Bxf2 Rxa2 28. b5 $16) 26. Bb5 $16)
25. Ne5+ Kd6 26. Nxf7+ Ke7 27. Ne5 Nd7 (27... Na4 28. Bxa6 $16 Bxe3 $2 29. Bb7
$18) 28. Nxd7 Kxd7 29. Bxa6 $18 Ke7 30. Bc4 Rc8 31. Bb3 Rc1 32. Kf1 Bb8 33. Ke2
Be5 {/\ Bc3} 34. Bd2 Rc8 35. b5 Bc3 36. Bc1 Bb4 37. Bb2 Bc3 38. Ba3+ Kd7 39. f4
g5 40. Kd3 gxf4 41. exf4 h5 42. g4 h4 43. f5 $1 1-0

[Event "FRA-chT"]
[Site "France"]
[Date "2001.02.02"]
[Round "1.1"]
[White "Lautier, Joel"]
[Black "Bologan, Viktor"]
[Result "1-0"]
[WhiteElo "2658"]
[BlackElo "2681"]
[Annotator "Lautier,J"]
[PlyCount "71"]
[EventDate "2001.02.02"]
[EventType "team"]
[EventRounds "11"]
[EventCountry "FRA"]
[SourceTitle "CBM 083"]
[Source "ChessBase"]
[SourceDate "2001.07.05"]
[SourceVersion "1"]
[SourceVersionDate "2001.07.05"]
[SourceQuality "1"]
[WhiteTeam "Clichy"]
[BlackTeam "Gonfreville"]
[WhiteTeamCountry "FRA"]
[BlackTeamCountry "FRA"]

1. d4 Nf6 2. c4 e6 3. Nc3 Bb4 4. e3 O-O 5. Bd3 d5 6. Nf3 c5 7. O-O dxc4 8. Bxc4
cxd4 9. exd4 a6 10. a4 Nc6 11. Bg5 Be7 12. Re1 Bd7 13. Qe2 (13. Ne5 Be8 $11 {
[%csl Rd4]}) (13. d5 Nxd5 14. Nxd5 Bxg5 (14... exd5 15. Qxd5 Bxg5 16. Nxg5 {
->> 14...Bg5}) 15. Nxg5 Qxg5 (15... exd5 16. Qxd5 Bg4 17. Qc5 Qa5 18. Qxa5 Nxa5
19. Bd5 h6 20. f3 $14) 16. Nb6 Rad8 17. Nxd7 Qe7 18. Nxf8 Rxd1 19. Rexd1 Kxf8
$11) 13... Rc8 14. Rad1 Nb4 15. Ne5 (15. d5 exd5 (15... Nfxd5 $2 16. Nxd5 Nxd5
17. Rxd5 Rxc4 18. Rxd7 Qxd7 19. Qxc4 $18) 16. Qxe7 (16. Bxf6 Bxf6 17. Nxd5 Nxd5
18. Bxd5 Qb6 $132) (16. Bxd5 Nbxd5 17. Nxd5 Nxd5 18. Bxe7 (18. Rxd5 Bxg5 19.
Nxg5 Re8 20. Qd1 Rxe1+ 21. Qxe1 Qe7 $15) 18... Nxe7 19. Ne5 Ng6 20. Nxd7 (20.
Rxd7 Qe8 $15) 20... Re8 $11) 16... Rxc4 17. Bxf6 gxf6 18. Nxd5 (18. Qe3 $2 Nc2
$19) (18. Qd6 Be6 $15) 18... Nxd5 19. Qxd8 Rxd8 20. Rxd5 Rc7 21. Red1 Rdc8 $132
) 15... Be8 (15... Bc6 $2 16. Nxf7 Rxf7 17. Qxe6 Be8 (17... Nfd5 $2 18. Bxe7
$18) (17... Nbd5 $2 18. Bxf6 $18) 18. Qxe7 Qxe7 19. Rxe7 Rxc4 20. Bxf6 $16) 16.
Bb3 (16. Qf3 Bc6 17. Nxc6 (17. Qh3 Bd5 $11) 17... Rxc6 (17... bxc6 18. Bf4 a5
19. Be5 $14) 18. Bb3 Re8 (18... Nfd5 $2 19. Nxd5 Nxd5 20. Bxd5 $18) 19. Bf4 $13
(19. d5 Nfxd5 20. Bxd5 Nxd5 21. Bxe7 Rxe7 22. Nxd5 exd5 23. Rxe7 Qxe7 24. Qxd5
$11)) 16... Nfd5 (16... Nbd5 17. Rd3 $1 (17. Nxd5 Nxd5 {->> 16...Nfd5 17.Nd5
Nd5}) 17... b5 (17... Nb4 18. Rg3 Qxd4 $2 19. Bh6 $16) 18. axb5 Bxb5 19. Nxb5
axb5 20. Rg3 $14) 17. Bd2 (17. Nxd5 Nxd5 18. Bxd5 Bxg5 19. Bxb7 Bxa4 20. Ra1 (
20. Bxc8 Bxd1 21. Qxa6 Qxd4 22. Bxe6 Bh5 23. Nf3 Qb4 24. Qc4 Be7 $11) 20... Bb5
(20... Rc2 21. Qe4 (21. Qf3 $2 Qxd4 $17) (21. Qd1 Rxb2 22. Rxa4 Rxb7) 21... Bb3
22. Qd3 Qb6 23. Be4 f5 $13) 21. Qg4 Rc2 $11 (21... Rb8 $6 22. Bxa6 Bxa6 $2 23.
Nc6 $18)) 17... Bc6 (17... Nxc3 18. bxc3 Nc6 19. f4 $14 (19. d5 Nxe5 20. Qxe5
Bd6 $11 {/\ e5})) (17... Bg5 $5) 18. Qg4 $1 {/\ Bh6} Nf6 $2 (18... Nxc3 19.
bxc3 Nd5 20. Bh6 Bf6 21. c4 $36 {/\ d5}) (18... Kh8 {/\ Nf6} 19. Qh3 (19. Qh5
Be8) 19... Bg5 20. Bxg5 Qxg5 21. Ne4 Qe7 (21... Qd8 22. Qh5) 22. Nc5 $14 b6 $2
23. Nxa6 Nxa6 24. Nxc6 Rxc6 25. Bxd5) 19. Nxf7 $1 Rxf7 (19... Nxg4 $2 20. Nxd8
Rcxd8 (20... Rxf2 21. Bxe6+ Kh8 22. Nxc6 $18) (20... Bxd8 21. Bxe6+ Kh8 22.
Bxg4 $18) 21. Rxe6 (21. Bxe6+ Kh8 22. Bxg4 Rxd4 $132) 21... Nxf2 (21... Kh8 22.
Rxe7 Rxd4 (22... Rxf2 23. d5 $18) 23. f3 $18) 22. Rxe7+ Kh8 23. Rf1 $18) 20.
Qxe6 Nbd5 (20... Be8 $2 21. Qxe7 $18) (20... Bd5 $2 21. Nxd5 Nbxd5 22. Re5 (22.
Bg5 $2 Rc6) 22... Rc6 23. Rxd5 Rxe6 24. Rxd8+ Bxd8 25. Bxe6 $18) (20... Nfd5
21. Re5 Bd7 22. Rxd5 Bxe6 23. Rxd8+ Rxd8 24. Bxe6 Rxd4 25. Be3 Rxd1+ 26. Nxd1
$16) 21. Re5 Bd7 $8 22. Rxd5 Bxe6 23. Rxd8+ Rxd8 24. Bxe6 Rxd4 25. Bg5 (25. Be3
Rb4 26. Rd2 Kf8 27. Bxf7 Kxf7 $132) 25... Rxd1+ (25... Rb4 $2 26. Bxf6 gxf6 (
26... Bxf6 27. Rd7) 27. Nd5 Rxb2 28. Nxe7+ Kf8 29. Bxf7 $18) 26. Nxd1 Kf8 27.
Bxf7 Kxf7 28. Kf1 (28. Bxf6 Kxf6 29. Kf1 Ke5 30. Ke2 Kd4 31. Kd2 (31. Ne3 Bf6
32. Kd2 Bg5) (31. b3 Bb4) 31... Kc4 32. Kc2 Kb4 33. b3 b5 34. axb5 axb5 35. Nb2
Bf6 36. Nd3+ Ka3 37. f4 $16) 28... Nd7 (28... Ng4 29. Bxe7 Kxe7 30. Ne3 Ne5 31.
Ke2 Kd6 32. Kd2 Kc5 33. Kc3 $16) 29. Bxe7 (29. Be3 $142 Ke6 30. Nc3 (30. Ke2
Kd5 31. Kd3 Ne5+ 32. Kc3 Bf6 33. Bd4 $16) 30... Ne5 (30... Bf6 31. Ke2 Bxc3 32.
bxc3 Kd5 33. Bd4 g6 34. Kd3 $16) 31. Ke2 Nc4 32. Bd4 (32. b3 $2 Na5) (32. Bc1
Bf6) 32... g6 33. Nd1 Kd5 34. Bc3 $16) 29... Kxe7 30. Ke2 Kd6 31. b4 (31. Kd2
$5 Nb6 (31... Kc5 32. Kc3 $16) 32. b3 Kc5 33. Ne3 (33. Kc3 Nd5+ 34. Kb2 Kd4)
33... Kb4 34. Kc2 Nd7 35. Nd5+ Ka3 (35... Kc5 36. Nf4 $16) 36. a5 Nc5 37. b4
$16) 31... a5 $1 32. Kd3 axb4 (32... Ne5+ 33. Kc3 axb4+ 34. Kxb4 Nd3+ 35. Kb5)
33. Kc4 Ke5 34. Nb2 Ke4 (34... b3 35. Kxb3 Kd4 36. Kb4 $16) 35. a5 b6 $4 $138 (
35... b3 36. Na4 (36. Kxb3 $6 b6 $1 37. axb6 (37. a6 $140 Nc5+) 37... Nxb6 $14)
36... g5 37. Kxb3 (37. Nc3+ Ke5 38. Kxb3 b6 $1) 37... Kd3 38. Kb4 Ke2 39. Nc5
Nb8 40. Ne4 $1 g4 41. Kc5 Kf1 42. g3 Kg2 43. Kb6 Nc6 44. a6 bxa6 45. Kxc6 Kxh2
46. Kb6 Kg2 47. Kxa6 Kf3 48. Nf6 Kxf2 49. Nh5 Kf3 50. Kb5 Ke4 51. Kc4 Kf5 52.
Kd4 Kg5 53. Nf4 h5 54. Ng2 $18) 36. a6 1-0

[Event "NED-chT playoff"]
[Site "Breda"]
[Date "1998.05.21"]
[Round "1"]
[White "Ligterink, Gert"]
[Black "Lautier, Joel"]
[Result "0-1"]
[WhiteElo "2435"]
[BlackElo "2645"]
[Annotator "Lautier,J"]
[PlyCount "82"]
[EventDate "1998.05.21"]
[EventType "team"]
[EventRounds "2"]
[EventCountry "NED"]
[SourceTitle "CBM 065"]
[Source "ChessBase"]
[SourceDate "1998.08.06"]
[SourceVersion "1"]
[SourceVersionDate "1998.08.06"]
[SourceQuality "1"]

1. d4 d5 2. c4 dxc4 3. e3 Nf6 4. Bxc4 e6 5. Nf3 c5 6. O-O a6 7. Bd3 b6 8. e4
Bb7 9. e5 Nfd7 10. Nc3 $5 cxd4 (10... Nc6 $6 11. Bg5 $14) (10... h6 $6 11. d5
$1 exd5 12. Re1 {/\ e6->} (12. e6 $5 fxe6 13. Bg6+ Ke7 14. Re1 $40)) (10... Be7
$6 11. Be4 $1 Bxe4 12. Nxe4 $14 {/\ Bg5, /\ d5}) 11. Ne4 (11. Bg5 $2 Bxf3 12.
Qxf3 Qxg5 13. Qxa8 dxc3 $17) 11... h6 $5 (11... Nc5 12. Nxc5 bxc5 (12... Bxc5
13. Ng5 $44) 13. Ng5 Be7 14. Qg4 (14. Qh5 $6 Bxg5 15. Bxg5 Qd5 $15) 14... Nc6
15. Re1 Nb4 16. Bb1 $13) 12. Bf4 Nc5 13. Nxc5 Bxc5 14. Nd2 $1 (14. b4 $6 Be7 (
14... Bxb4 $4 15. Qa4+ Nc6 16. Be4 $18) 15. Nxd4 Qd5 16. Nf3 Nc6 $15) 14... Be7
(14... Nd7 $6 15. Be4 $1 Bxe4 16. Nxe4 $14 {/\ Qg4}) 15. Ne4 Nd7 (15... Qd5 $6
{/\ Nd7} 16. Re1 Nc6 17. Nd6+ Bxd6 18. Be4 $36) 16. Re1 (16. Qa4 $6 O-O 17.
Qxd4 Nxe5 18. Bxe5 Qxd4 19. Bxd4 Rfd8 20. Bxb6 Rxd3 21. Bc5 (21. Nc5 Rd6 $15)
21... Bd8 22. Nd6 Bd5 $15) 16... Rc8 (16... Nc5 $6 17. Nxc5 Bxc5 18. Qg4 $44)
17. Bg3 $6 (17. Qg4 $2 g5 18. Nd6+ (18. Bg3 h5 $19) (18. Nf6+ Bxf6 19. exf6
Nxf6 $1 $19) 18... Bxd6 19. exd6 gxf4 20. Bg6 (20. Rxe6+ fxe6 21. Qxe6+ Kf8 22.
Bg6 Qf6 23. Qxd7 Qxg6 24. Qxb7 Re8 $19) 20... Qg5 $1 (20... Kf8 $2 21. Bxf7
Kxf7 22. Qxe6+ Kf8 23. Qf5+ Nf6 24. Re6 $40 (24. Re7 $5 $40)) 21. Qxe6+ Kd8 $19
) (17. a3 $5 {/\ b4} Nc5 (17... Bxe4 $6 18. Rxe4 Nc5 19. Rxd4 $1) 18. Nd6+ $1
Bxd6 19. exd6 O-O (19... Qf6 20. Be5 Qg5 21. Bf1 $14) 20. Bf1 Bd5 21. b4 Ne4
22. Qxd4 Nxd6 23. Bxa6 Nf5 24. Qb2 Ra8 $11) 17... O-O $15 18. Qg4 Nc5 19. Nxc5
bxc5 (19... Rxc5 $6 20. Rad1 $36 {/\ Bb1, Rd4}) 20. b3 a5 21. h4 {/\ Bf4} Kh8
22. h5 $6 (22. Qh5 $6 {/\ Bf4} Qe8 $17 {/\ f5}) (22. f4 $1 $132 {/\ f5} Bd5 $5
(22... Qd5 23. Re2) 23. f5 c4 $15 24. f6 gxf6 25. Qf4 $2 cxd3 26. Qxh6+ Kg8 27.
exf6 Bxf6 28. Re5 Rc2 $19) 22... a4 23. f4 Qd5 24. Be4 Qd7 25. Bd3 Qd5 26. Be4
Qd7 27. Bd3 Qc6 28. Re2 Ba6 $1 $17 29. Be4 Qb5 (29... Bxe2 30. Qxe2 d3 $1 (
30... Qd7 31. Bd3 $132) 31. Qxd3 Qb6 $17) 30. Rf2 Bb7 31. bxa4 Qa6 32. Bxb7
Qxb7 33. f5 exf5 34. Rxf5 Qd7 (34... c4 35. Raf1 d3 $6 36. Rxf7 $1 Rxf7 37.
Rxf7 Bc5+ 38. Kh2 Qxf7 39. Qxc8+ Qf8 40. Qd7 $132) 35. Raf1 c4 (35... Qe6 $5
$17) 36. e6 Qxe6 37. Be5 f6 38. Bxd4 c3 39. Kh1 (39. Qf3 c2 40. Bb2 Qb6+ $19)
39... Rc4 $19 40. R5f4 Qxg4 41. Rxg4 c2 0-1

[Event "EU-Cup 19th"]
[Site "Rethymno"]
[Date "2003.10.01"]
[Round "4.4"]
[White "Lautier, Joel"]
[Black "Markowski, Tomasz"]
[Result "1-0"]
[WhiteElo "2677"]
[BlackElo "2610"]
[Annotator "Lautier,J"]
[PlyCount "75"]
[EventDate "2003.09.28"]
[EventType "team-swiss"]
[EventRounds "7"]
[EventCountry "GRE"]
[SourceTitle "CBM 097"]
[Source "ChessBase"]
[SourceDate "2003.11.11"]
[SourceVersion "1"]
[SourceVersionDate "2003.11.11"]
[SourceQuality "1"]
[WhiteTeam "Paris NAO"]
[BlackTeam "Warsaw Polonia"]
[WhiteTeamCountry "FRA"]
[BlackTeamCountry "POL"]

1. d4 d5 2. c4 dxc4 3. Nf3 Nf6 4. e3 e6 5. Bxc4 a6 6. O-O Nbd7 7. Re1 b5 8. Bd3
c5 9. a4 b4 10. e4 cxd4 11. e5 Nd5 12. Nxd4 (12. Bg5 Be7 (12... Qc7 13. Nbd2 h6
14. Bh4 Nc5 15. Ne4 $14) (12... Qb6 13. Nbd2 Bb7 14. a5 (14. Nc4 Qa7 15. Rc1
$44) 14... Qa7 15. Nb3 $14) 13. Bxe7 Qxe7 14. Nxd4 Bb7 15. Nd2 (15. Qg4 O-O 16.
Nd2 Nc5 17. Bc2 Rfd8 $11) 15... Nf4 16. Be4 Nxe5 17. Nf5 exf5 18. Bxb7 Qxb7 19.
Rxe5+ Ne6 20. Nc4 O-O 21. Nd6 Qe7 22. Nxf5 Qf6 $11) 12... Qc7 (12... Bb7 $2 13.
Nxe6 fxe6 14. Qh5+ Ke7 (14... g6 15. Bxg6+ hxg6 16. Qxg6+ Ke7 17. Bg5+ N7f6 18.
Bxf6+ Nxf6 19. Qxf6+ $18) 15. Bg5+ $16) (12... Nc5 13. Bc2 Bb7 14. Qg4 Rc8 15.
Nd2 $14) 13. Bg5 $5 (13. Nf3 Bb7 14. Nbd2 Nc5 $11) 13... Nc5 $6 (13... Nxe5 14.
Be4 Bb7 15. Nd2 $44) 14. Bf1 h6 15. Bh4 Bb7 16. Nd2 g5 $5 (16... Be7 17. Bxe7
Qxe7 (17... Nxe7 $6 18. Rc1 $16) 18. Nc4 O-O 19. Rc1 $14) 17. Bg3 Rd8 18. Qc2
Be7 (18... Nf4 19. N2b3 $14) 19. Nc4 Nf4 20. Rad1 O-O $6 (20... Rd5 $14) 21.
Bxf4 gxf4 22. Qc1 Bg5 23. h4 $1 Bxh4 24. Qxf4 Bg5 25. Qg4 (25. Qh2 Kh7 26. f4
Be7 27. f5 Bg5 28. Nd6 Nxa4 $13) 25... Kh7 26. Nd6 $1 (26. f4 f5 $1 $132 (26...
Be7 27. Qh5)) 26... f5 27. Qh3 Bd5 28. N4xf5 $1 Bb3 $6 (28... Rxf5 29. Rxd5
Rxf2 $1 30. Bd3+ (30. Kxf2 exd5 $14) 30... Nxd3 (30... Kg7 31. Rxc5 Qxc5 32.
Ne4 Qxe5 33. Kxf2 Qxb2+ (33... Qd4+ 34. Ke2 Qxb2+ 35. Kf1 Rf8+ 36. Kg1 $16) 34.
Kf1 Rf8+ 35. Kg1 $16) 31. Qxd3+ Kh8 (31... Kg7 $2 32. Ne8+ $18) 32. Kxf2 exd5
33. Qf3 Qc5+ 34. Kf1 $36) 29. f4 $1 Bxf4 (29... Bxd1 30. fxg5 Rxf5 (30... exf5
31. Qxh6+ Kg8 32. Bc4+ $18) 31. Qxh6+ Kg8 32. Nxf5 $18) 30. Rd4 Bg5 (30... exf5
31. Rxf4 Be6 32. Qe3 $1 $18) 31. Rg4 exf5 (31... Bd2 32. Nxh6 $1 Bxh6 33. Re3
$1 $18 {/\ Qh6, Rh3}) 32. Rxg5 Ne4 (32... Rxd6 33. exd6 Qxd6 34. Rxf5 Qd4+ 35.
Kh1 Be6 36. Rxe6 Nxe6 37. Rxf8 Nxf8 38. Qd3+ Qxd3 39. Bxd3+ Kg7 40. Bxa6 $18)
33. Rh5 $1 Qc5+ 34. Re3 Nxd6 $2 $138 (34... Rxd6 35. exd6 Kg7 $16) 35. Rxh6+
$18 Kg7 36. Rh7+ Kg8 37. exd6 (37. Qh5 Qxe3+ 38. Kh1 $18) 37... Qd4 38. Rh4 1-0